Представление документа в формате RUSMARC

ПолеНазваниеЗначение
  Тип записи a
  Библиографический уровень m
001 Контрольный номер RU/SLIB/B/208753518
005 Дата корректировки 20241111151230.5
010 Индекс ISBN __
d Цена 0-85
101 Язык документа 0_
a Язык текста rus
c Язык оригинала rus
200 Заглавие и сведения об ответственности 1_
a Заглавие Старейший русский хор: Ленинградская государственная академическая капелла им. М. И. Глинки, 1703-1978
f Первые сведения об ответственности Ершов А.
b Общее обозначение материала Текст
210 Выходные данные 1_
a Место издания Л.
c Издательство Совет. композитор
d Дата издания 1978
215 Физическое описание __
a Объем 190 с.
601 Наименование организации как предмет 02
a Наименование организации как предмет Ленинградская государственная академическая капелла им. М. И. Глинки
606 Тематические рубрики __
a Основная рубрика Музыка и зрелищные искусства
z Хронологическая подрубрика 1703-1978 гг.; 18 в.; 19 в.; 20 в.
606 Тематические рубрики __
a Основная рубрика Вокальная музыка
610 Ключевые слова 0_
a Ключевые слова капеллы; хоры; музыкальные произведения; персоналии; хоровая музыка
686 Индексы других классификаций __
a Классификационный индекс 85.314; ст85.314
700 Автор _1
a Фамилия Ершов
b Имя А.
4 Код отношения 070
801 Источник записи _0
a Страна RU
b Организация Муниципальное бюджетное учреждение культуры "Централизованная библиотечная система" г. Сургут (Центральная городская библиотека им. А. С. Пушкина)
g Правила каталогизации КиК/Михайлова
801 Источник записи _1
a Страна RU
b Организация Муниципальное бюджетное учреждение культуры "Централизованная библиотечная система" г. Сургут (Центральная городская библиотека им. А. С. Пушкина)
g Правила каталогизации КиК/Михайлова
852 Данные о местонахождении __
j Шифр хранения 85.314
c Каталожный индекс 85.314
i Авторский знак Е 80
p Инвентарный номер 7651
901 Тип документа __
t Тип документа m
990 Данные о заказе (DOS) __
j Количество экземпляров (DOS) 2
t N записи в КСУ для И/У (DOS) 199101